Continuing care for older people/ (Record no. 8924)
[ view plain ]
| 000 -LEADER | |
|---|---|
| fixed length control field | 00552nam a22001937a 4500 |
| 003 - CONTROL NUMBER IDENTIFIER | |
| control field | OSt |
| 005 - DATE AND TIME OF LATEST TRANSACTION | |
| control field | 20240626122207.0 |
| 008 - FIXED-LENGTH DATA ELEMENTS--GENERAL INFORMATION | |
| fixed length control field | 240626b |||||||| |||| 00| 0 eng d |
| 020 ## - INTERNATIONAL STANDARD BOOK NUMBER | |
| International Standard Book Number | 0748731822 |
| 040 ## - CATALOGING SOURCE | |
| Transcribing agency | must |
| 082 ## - DEWEY DECIMAL CLASSIFICATION NUMBER | |
| Classification number | 361.74092 CON 1997 |
| 245 ## - TITLE STATEMENT | |
| Title | Continuing care for older people/ |
| Statement of responsibility, etc. | edited by Michael J. Denham. |
| 260 ## - PUBLICATION, DISTRIBUTION, ETC. (IMPRINT) | |
| Place of publication, distribution, etc. | Great Britain: |
| Name of publisher, distributor, etc. | Stanley Thornes (publishers)ltd; |
| Date of publication, distribution, etc. | c1997. |
| 300 ## - PHYSICAL DESCRIPTION | |
| Extent | ix,413p.: |
| Other physical details | ill; |
| Dimensions | 23cm. |
| 504 ## - BIBLIOGRAPHY, ETC. NOTE | |
| Bibliography, etc | includes index |
| 650 ## - SUBJECT ADDED ENTRY--TOPICAL TERM | |
| Source of heading or term | nursing |
| 700 ## - ADDED ENTRY--PERSONAL NAME | |
| Personal name | Denham,Michael J. |
| 9 (RLIN) | 18064 |
| 942 ## - ADDED ENTRY ELEMENTS (KOHA) | |
| Source of classification or shelving scheme | Dewey Decimal Classification |
| Koha item type | Open Shelf |
| Withdrawn status | Lost status | Source of classification or shelving scheme | Damaged status | Not for loan | Home library | Current library | Date acquired | Source of acquisition | Inventory number | Total Checkouts | Full call number | Barcode | Date last seen | Price effective from | Koha item type |
|---|---|---|---|---|---|---|---|---|---|---|---|---|---|---|---|
| Other/Generic Classification Scheme | MUST Main Library | MUST Main Library | 26/06/2024 | donation | 05/23091 | 361.74092 CON 1997 | 2024-21435 | 26/06/2024 | 26/06/2024 | Open Shelf |
